| 000 | 01278nam a2200241 4500 | ||
|---|---|---|---|
| 005 | 20210415225051.0 | ||
| 008 | 210415s1981 pe ab||fr|||| 001 0 spa d | ||
| 040 |
_aCENDOC CAAAP _bspa _cCAAAP |
||
| 041 | _aspa | ||
| 050 |
_aFP 118 .F7 _b.O73 |
||
| 100 | 1 |
_92201 _aOrtiz, Dionisio |
|
| 245 | 1 | 3 |
_aLa montaña de Ayacucho / _cDionisio Ortiz |
| 250 | _a1ra ed. | ||
| 260 |
_aLima , _c1981 |
||
| 300 |
_a306 p.: _bilustraciones, fotografías; _c23 cm |
||
| 505 | _aContiene : Introducción -- Los jesuitas en la montaña de Ayacucho -- Los agustinos en la montaña de Ayacucho -- Los franciscanos en las montañas del Apurímac y Mantaro otros importantes acontecimientos -- El Padre biedma explora las montañas del Apurimax y Mantaro -- La montaña de Ayacucho en el siglo XVIII -- Gobierno del padre Manuel Sobreviela guardian de Ocopa y superior de misiones (1787 - 1803) -- Principales acontecimientos histórico-s de las montañas del Apurímac y Mantaro en el siglo XIX (1800-1900) -- Estado actual de las montañas del Apurímac y Mantaro (año 1980) | ||
| 610 | 1 | 0 |
_9342 _aJesuítas _xMisiones _zPerú |
| 650 | 1 | 0 |
_931 _aMisiones Religiosas |
| 650 | 2 | 0 |
_9270 _aEtnografía |
| 650 | 2 | 0 |
_91114 _aGeografía |
| 651 | 1 | 0 |
_9753 _aAyacucho _zPerú |
| 942 |
_2lcc _b16 - 04 - 21 _cBK |
||
| 999 |
_c907 _d907 |
||